| 000 | 00513nam a2200181Ia 4500 | ||
|---|---|---|---|
| 999 |
_c29821 _d29821 |
||
| 003 | OSt | ||
| 005 | 20260305121739.0 | ||
| 008 | 190216s9999||||xx |||||||||||||| ||und|| | ||
| 020 | _a9788122606072 | ||
| 040 | _coclc | ||
| 082 |
_a894.81 _bSMOH/M |
||
| 100 | 1 |
_aMÅhanan, En., _d1933-1999 _96524 |
|
| 245 | 0 |
_aN Mohanante Kathakal / _cN Mohanan |
|
| 260 |
_bCurrent Books, _c2010. _aKottayam: |
||
| 300 | _a720p | ||
| 650 | _aKathakal | ||
| 942 |
_cBK _2ddc _h894.81 _iSMOH/M _k894.81 _mSMOH/M |
||